| 000 | 00528nam a22001937a 4500 | ||
|---|---|---|---|
| 003 | MPLRDC | ||
| 005 | 20220104143349.0 | ||
| 008 | 210129b ||||| |||| 00| 0 eng d | ||
| 020 | _a978-986-213-309-5 | ||
| 082 | _a785.28 LIN-10 | ||
| 100 | _aDORIS KEARNS GOODWIN | ||
| 245 |
_a无敌 _c高育慈 等译 |
||
| 250 | _a初版 | ||
| 260 |
_a台湾 _b大块文化出版股份有限公司 _c2012 |
||
| 300 | _b880 | ||
| 490 | _aFROM: 77 | ||
| 650 | _a美国人物传记--林肯 ABRAHAM LINCOLN | ||
| 942 |
_cBK _o785.28 LIN-10 |
||
| 999 |
_c39175 _d39165 |
||